[Event "Vaujany op-B 8th"]
[Site "Vaujany"]
[Date "2017.07.20"]
[Round "8.7"]
[White "Koltai, Dora"]
[Black "Billotti, Romain"]
[Result "1-0"]
[WhiteElo "1693"]
[BlackElo "1828"]
[PlyCount "27"]
[EventDate "2017.07.13"]
[EventType "swiss"]
[EventRounds "9"]
[EventCountry "FRA"]
[SourceTitle "EXT 2020"]
[Source "ChessBase"]
[SourceDate "2019.10.17"]
[SourceVersion "1"]
[SourceVersionDate "2019.10.17"]
[SourceQuality "1"]

1. e4 c5 2. Nf3 Nc6 3. c3 d5 4. exd5 Qxd5 5. d4 Bg4 6. Be2 cxd4 7. cxd4 Nf6 8. Nc3 Qd7 9. d5 Bxf3 10. gxf3 0-0-0 11. dxc6 Qxc6 12. Qb3 e6 13. Bf4 b6 14. Ba6+ 1-0

[Event "Vaujany op-B 8th"]
[Site "Vaujany"]
[Date "2017.07.18"]
[Round "6.6"]
[White "Billotti, Romain"]
[Black "Marchat, Gerard"]
[Result "0-1"]
[WhiteElo "1828"]
[BlackElo "1724"]
[PlyCount "54"]
[EventDate "2017.07.13"]
[EventType "swiss"]
[EventRounds "9"]
[EventCountry "FRA"]
[SourceTitle "EXT 2020"]
[Source "ChessBase"]
[SourceDate "2019.10.17"]
[SourceVersion "1"]
[SourceVersionDate "2019.10.17"]
[SourceQuality "1"]

1. d4 d5 2. c4 c6 3. e3 Bf5 4. Nf3 e6 5. Nc3 Nf6 6. Bd2 h6 7. c5 Be7 8. Be2 0-0 9. 0-0 Nbd7 10. b4 Qc7 11. Qb3 e5 12. dxe5 Nxe5 13. Nd4 Bg6 14. h3 Rfe8 15. f4 Ned7 16. f5 Bh5 17. Qd1 Bxe2 18. Qxe2 Ne5 19. e4 Nxe4 20. Nxe4 dxe4 21. Qxe4 Bf6 22. Qc2 Qd7 23. Be3 Ng4 24. hxg4 Rxe3 25. Nxc6 Qxc6 26. Rad1 Qe4 27. Qc1 Bd4 0-1

[Event "Calvia Amateur op 13th"]
[Site "Calvia"]
[Date "2016.10.10"]
[Round "3"]
[White "Billotti, Romain"]
[Black "Bebchuk, Boris"]
[Result "0-1"]
[WhiteElo "1853"]
[BlackElo "2125"]
[PlyCount "56"]
[EventDate "2016.10.08"]
[EventType "swiss"]
[EventRounds "9"]
[EventCountry "ESP"]
[SourceTitle "CBM 175 Extra"]
[Source "ChessBase"]
[SourceDate "2016.12.12"]
[SourceVersion "1"]
[SourceVersionDate "2016.12.12"]
[SourceQuality "1"]

1. d4 Nf6 2. c4 e6 3. Nf3 b6 4. g3 Bb7 5. Bg2 Bb4+ 6. Bd2 Be7 7. Nc3 0-0 8. 0-0 d6 9. Qc2 c5 10. dxc5 bxc5 11. Rad1 g6 12. Bg5 Nbd7 13. Rfe1 Qc7 14. e4 Rfe8 15. Qd3 Rad8 16. Bf4 Ne5 17. Bxe5 dxe5 18. Qc2 Nd7 19. Re2 Nb8 20. Red2 Nc6 21. Rxd8 Bxd8 22. Qd3 Nd4 23. a3 Be7 24. b4 cxb4 25. axb4 Rd8 26. c5 a5 27. bxa5 Qxa5 28. Qe3 Qxc3 0-1

[Event "Vaujany op 5th"]
[Site "Vaujany"]
[Date "2014.07.10"]
[Round "1.6"]
[White "Heckly, Jean Louis"]
[Black "Billotti, Romain"]
[Result "1-0"]
[WhiteElo "1607"]
[BlackElo "1841"]
[PlyCount "87"]
[EventDate "2014.07.10"]
[EventType "swiss"]
[EventRounds "9"]
[EventCountry "FRA"]
[SourceTitle "EXT 2017"]
[Source "ChessBase"]
[SourceDate "2016.10.25"]
[SourceVersion "1"]
[SourceVersionDate "2016.10.25"]
[SourceQuality "1"]

1. e4 c5 2. Nf3 Nc6 3. d4 cxd4 4. Nxd4 e5 5. Nb5 d6 6. N1c3 a6 7. Na3 b5 8. Nd5 Nf6 9. Bg5 Be7 10. Bxf6 Bxf6 11. c4 bxc4 12. Nxc4 Nd4 13. Bd3 0-0 14. 0-0 Rb8 15. b3 Bb7 16. Nce3 Bg5 17. Bc4 Ne6 18. Qg4 Bc8 19. Qd1 Bxe3 20. fxe3 Nc5 21. Qf3 Be6 22. Rad1 Kh8 23. Rd2 f5 24. exf5 Rxf5 25. Qe2 Rxf1+ 26. Qxf1 Ne4 27. Rd1 Qg5 28. Rd3 Bxd5 29. Bxd5 Nf6 30. Qc1 Nxd5 31. Rxd5 Qf6 32. Qf1 Qxf1+ 33. Kxf1 Rb6 34. Ke2 Kg8 35. Kd2 Kf7 36. Rd3 Rc6 37. Rc3 Rxc3 38. Kxc3 Ke6 39. b4 Kd5 40. a4 Kc6 41. e4 g6 42. Kc4 h6 43. b5+ axb5+ 44. axb5+ 1-0

[Event "EU-ch 12th"]
[Site "Aix les Bains"]
[Date "2011.04.02"]
[Round "11"]
[White "Maubert, Nicolas"]
[Black "Billotti, Romain"]
[Result "1-0"]
[WhiteElo "2034"]
[BlackElo "1827"]
[PlyCount "99"]
[EventDate "2011.03.22"]
[EventType "swiss"]
[EventRounds "11"]
[EventCountry "FRA"]
[SourceTitle "CBM 142 Extra"]
[Source "ChessBase"]
[SourceDate "2011.06.27"]
[SourceVersion "1"]
[SourceVersionDate "2011.06.27"]
[SourceQuality "1"]

1. e4 c5 2. Nf3 Nc6 3. d4 cxd4 4. Nxd4 e5 5. Nb5 a6 6. Nd6+ Bxd6 7. Qxd6 Qe7 8. Qd1 Nf6 9. Nc3 Qb4 10. Bd3 d5 11. exd5 Nxd5 12. Bd2 Nxc3 13. Bxc3 Qf4 14. 0-0 0-0 15. Re1 Bg4 16. f3 Bh5 17. Qe2 Rfe8 18. Qf2 Nd4 19. Re4 Qf6 20. Bxd4 exd4 21. Qxd4 Qxd4+ 22. Rxd4 Bg6 23. Kf2 Bxd3 24. Rxd3 Rac8 25. c3 Re7 26. Re1 Rec7 27. Red1 g6 28. Rd8+ Rxd8 29. Rxd8+ Kg7 30. Ke3 Re7+ 31. Kd2 h5 32. c4 g5 33. Rd5 Kg6 34. b4 Re6 35. c5 b6 36. cxb6 Rxb6 37. Kc3 f6 38. a4 Kf7 39. Kc4 Ke6 40. b5 axb5+ 41. axb5 h4 42. h3 Rb8 43. Rd2 Rc8+ 44. Kb4 Rc1 45. Ka5 Ra1+ 46. Kb6 Rb1 47. Ka6 Kf5 48. b6 Ra1+ 49. Kb7 Kf4 50. Rc2 1-0

[Event "EU-ch 12th"]
[Site "Aix les Bains"]
[Date "2011.03.30"]
[Round "8"]
[White "Billotti, Romain"]
[Black "Hoyer, Hans Gerd"]
[Result "0-1"]
[WhiteElo "1827"]
[BlackElo "2070"]
[PlyCount "70"]
[EventDate "2011.03.22"]
[EventType "swiss"]
[EventRounds "11"]
[EventCountry "FRA"]
[SourceTitle "CBM 142 Extra"]
[Source "ChessBase"]
[SourceDate "2011.06.27"]
[SourceVersion "1"]
[SourceVersionDate "2011.06.27"]
[SourceQuality "1"]

1. d4 g6 2. c4 Bg7 3. Nc3 d6 4. Nf3 a6 5. e4 Bg4 6. Be2 Nc6 7. Be3 e5 8. d5 Bxf3 9. Bxf3 Nd4 10. Bxd4 exd4 11. Ne2 c5 12. dxc6 bxc6 13. 0-0 c5 14. e5 Ra7 15. Qa4+ Kf8 16. exd6 Qxd6 17. Rfe1 Be5 18. Ng3 f5 19. a3 h5 20. b4 Rc7 21. bxc5 Rxc5 22. Rab1 Rh7 23. Bxh5 gxh5 24. Nxf5 Bxh2+ 25. Kh1 Rxf5 26. Qe8+ Kg7 27. g3 Kh8 28. Rb8 Rg7 29. Re6 Bxg3 30. Rxd6 Bxd6 31. Rb6 Bf4 32. Rg6 Rxg6 33. Qxg6 Rg5 34. Qxa6 d3 35. Qb6 d2 0-1

[Event "EU-ch 12th"]
[Site "Aix les Bains"]
[Date "2011.03.28"]
[Round "7"]
[White "Steil Antoni, Fiona"]
[Black "Billotti, Romain"]
[Result "1/2-1/2"]
[WhiteElo "2117"]
[BlackElo "1827"]
[PlyCount "94"]
[EventDate "2011.03.22"]
[EventType "swiss"]
[EventRounds "11"]
[EventCountry "FRA"]
[SourceTitle "CBM 142 Extra"]
[Source "ChessBase"]
[SourceDate "2011.06.27"]
[SourceVersion "1"]
[SourceVersionDate "2011.06.27"]
[SourceQuality "1"]

1. e4 c5 2. Nc3 Nc6 3. f4 d6 4. Nf3 Nf6 5. Bc4 Bg4 6. h3 Bxf3 7. Qxf3 Nd4 8. Qd1 e6 9. 0-0 d5 10. exd5 exd5 11. Be2 a6 12. Re1 Be7 13. Bf1 0-0 14. d3 Re8 15. Be3 Nf5 16. Bf2 d4 17. Ne4 Nd5 18. c4 Nde3 19. Qd2 b6 20. Be2 Bd6 21. Nxd6 Qxd6 22. Bf3 Rab8 23. g3 Qg6 24. Kh2 Qd6 25. Be4 g6 26. Kh1 h5 27. Re2 Re7 28. Rg1 Kg7 29. h4 Rbe8 30. Bf3 b5 31. b3 Qd7 32. Kh2 Nh6 33. Bxe3 Rxe3 34. Rge1 Rxe2+ 35. Rxe2 Nf5 36. Bg2 Rxe2 37. Qxe2 Ne3 38. Bh3 Qc6 39. f5 bxc4 40. bxc4 a5 41. fxg6 fxg6 42. Bg2 Qa4 43. Qb2 Ng4+ 44. Kh3 Qd7 45. Qa3 Ne3+ 46. Kh2 Qe7 47. Qc1 Nxg2 1/2-1/2

[Event "EU-ch 12th"]
[Site "Aix les Bains"]
[Date "2011.03.25"]
[Round "4"]
[White "Billotti, Romain"]
[Black "Ralle, Pierre"]
[Result "0-1"]
[WhiteElo "1827"]
[BlackElo "2112"]
[PlyCount "152"]
[EventDate "2011.03.22"]
[EventType "swiss"]
[EventRounds "11"]
[EventCountry "FRA"]
[SourceTitle "CBM 142 Extra"]
[Source "ChessBase"]
[SourceDate "2011.06.27"]
[SourceVersion "1"]
[SourceVersionDate "2011.06.27"]
[SourceQuality "1"]

1. d4 Nf6 2. c4 e6 3. Nc3 Bb4 4. Bg5 d5 5. e3 0-0 6. a3 Bxc3+ 7. bxc3 b6 8. cxd5 exd5 9. Qf3 Nbd7 10. Bd3 c5 11. Ne2 Bb7 12. 0-0 c4 13. Bc2 Qc7 14. Ng3 Rfe8 15. Bf4 Qc6 16. Nh5 Nxh5 17. Qxh5 Nf8 18. Be5 f6 19. Bg3 Qd7 20. Rae1 Re7 21. Bf5 Qc6 22. Bc2 Rae8 23. h3 Qd7 24. Bf5 Qd8 25. Qe2 Bc6 26. Qc2 Bd7 27. Kh1 Bxf5 28. Qxf5 Ng6 29. Re2 Re4 30. Rfe1 Ne7 31. Qf3 Nc6 32. Qh5 Qd7 33. f3 R4e6 34. e4 g6 35. Qh6 Ne7 36. Qd2 f5 37. exd5 Nxd5 38. Be5 b5 39. f4 Nb6 40. Re3 Nd5 41. R3e2 a5 42. Qb2 Rb6 43. Qc2 Ree6 44. Rg1 Qe8 45. Rf2 b4 46. axb4 axb4 47. cxb4 Rxb4 48. g4 Qc6 49. Kh2 Rb3 50. gxf5 Ne3 51. Qa2 Nxf5 52. Qa7 Rb7 53. Qa5 Re8 54. d5 Qb6 55. Qxb6 Rxb6 56. Rc1 Rc8 57. Ra2 Rb7 58. Ra4 Rb5 59. Raxc4 Rxc4 60. Rxc4 Rxd5 61. Rc8+ Kf7 62. Rc7+ Ne7 63. Kg3 Ke6 64. Kg2 h6 65. Ra7 Rd2+ 66. Kf3 Rd3+ 67. Kg2 Nd5 68. Ra6+ Kf5 69. Ra4 h5 70. h4 Ne3+ 71. Kh1 Kg4 72. Kg1 Nf5 73. Kf2 Rd2+ 74. Ke1 Rh2 75. Bf6 Kf3 76. Bg5 Ne3 0-1